Quizzes
Events
Quiz Creation
Community
Videos
Private Events
Remove Ads
Sign In
Join for FREE
Feedback
Dark Mode
Quiz Categories
Sports
Geography
Music
Movies
Television
Just For Fun
Miscellaneous
History
Literature
Language
Science
Gaming
Entertainment
Religion
Holiday
For Kids
Quiz Lab
Recent
Popular Today
Quiz Kudos Today
Editor Picks
Curator Picks
Quizzes by...
Day
Popularity
Type
Ratings
Length
Year
Community
Subscriptions
Recent Discussions
Orange Saloon
Badges
Playlists
Quests
Create
Leaderboards
Showdown
Live 5
Trivia Bingo
Activity
Puzzle Library
Sporcle Events
Private Events
Virtual Trivia
Globe League
Become a Host
Pub Owners
SporcleCon
Opinionation
Our Games
Videos
Blog
Mobile Apps
Partnerships
Remove Ads and Go Orange
Feedback
Sports
Athletes
MLB
NBA
NHL
NFL
Soccer
Sports Teams
WWE
NCAA
Football
Premier League
Basketball
Baseball
Hockey
Golf
Tennis
Cricket
Rugby
Auto Racing
Olympics
World Cup
Sports
Athletes
MLB
NBA
NHL
NFL
Soccer
Sports Teams
WWE
NCAA
Football
Premier League
Basketball
Baseball
Hockey
Golf
Tennis
Cricket
Rugby
Auto Racing
Olympics
World Cup
Random Quiz
Search Sporcle
×
Curator Pick
Curator Pick
Sports
Sports Teams
Click on answers out of a set of options
Click on answers out of a set of options
Multiple Choice
Best Score? Go Orange.
What Sport for Each Big 4 Sport Team? Stats
Can you choose the correct Big 4 sport that each team belongs to?
By
LyndonG
3m
24 Questions
565 Plays
565 Plays
565 Plays
Comments
Comments
Give Quiz Kudos
Give Quiz Kudos
-
- Ratings
hide this ad
Replay
Link that replays current quiz
Next Quiz
Link to next quiz in quiz playlist
You Got
0%
They Got
Avg Score
90%
Avg Friend Score
Upgrade to see
Score Distribution
Jump to the score distribution portion of the page
Score
0/24
Timer
03:00
0
Plays Today
Question
Answer
Wrong Answers
Steelers
Football
95%
Basketball
0.7%
Baseball
0.5%
Hockey
1.4%
Celtics
Basketball
94.6%
Football
1.1%
Baseball
1.1%
Hockey
0.2%
Jazz
Basketball
94.4%
Football
1.3%
Baseball
0.5%
Hockey
1.1%
Yankees
Baseball
94.4%
Football
2.2%
Basketball
0.2%
Hockey
0.4%
Vikings
Football
94.3%
Basketball
0.7%
Baseball
0.9%
Hockey
1.1%
Trail Blazers
Basketball
94%
Football
0.7%
Baseball
0.9%
Hockey
2.5%
Dolphins
Football
93.8%
Basketball
0.9%
Baseball
1.8%
Hockey
0.9%
Canadiens
Hockey
93.7%
Football
1.4%
Basketball
0.2%
Baseball
1.6%
Raiders
Football
93.4%
Basketball
1.1%
Baseball
1.6%
Hockey
1.1%
Browns
Football
93%
Basketball
1.3%
Baseball
2.5%
Hockey
0.7%
Thunder
Basketball
91.8%
Football
1.6%
Baseball
0.5%
Hockey
3.6%
76ers
Basketball
90%
Football
3.4%
Baseball
2.7%
Hockey
1.4%
Padres
Baseball
89.6%
Football
3.6%
Basketball
1.8%
Hockey
2.5%
Athletics
Baseball
89.1%
Football
3.1%
Basketball
1.8%
Hockey
3.6%
Blackhawks
Hockey
88.5%
Football
3.4%
Basketball
3%
Baseball
2.5%
Blue Jays
Baseball
88.5%
Football
1.6%
Basketball
1.3%
Hockey
5.7%
Braves
Baseball
88.4%
Football
5.9%
Basketball
1.1%
Hockey
2.5%
Devils
Hockey
88.2%
Football
1.6%
Basketball
3.2%
Baseball
3.8%
Bucks
Basketball
88%
Football
3.4%
Baseball
2%
Hockey
3.6%
Flyers
Hockey
87.9%
Football
2.5%
Basketball
2%
Baseball
4.7%
Indians
Baseball
87.3%
Football
5.7%
Basketball
2.9%
Hockey
0.9%
Texans
Football
86.9%
Basketball
0.7%
Baseball
8.2%
Hockey
1.4%
Blues
Hockey
84.6%
Football
2.7%
Basketball
3.8%
Baseball
6.3%
Golden Knights
Hockey
83.7%
Football
2.3%
Basketball
7.9%
Baseball
3%
Quiz Playlist
Details
Report
Send in Message
Add To Playlist
Multiple Choice:
Click on answers out of a set of options
Last Updated: Jul 20, 2020
Curator Pick in
Sports Teams
Quiz Scoreboard
CHALLENGE
Sign Up to Join the Scoreboard
Show All
Scores
Hide
Comments
May contain spoilers
Recently Published
An Introduction to Baseball
by treessimontrees
Sports
5m
Movies - When Are They Set?
by FPL_Elf
Movies
5m
Popular People in 1961
by mucciniale
History
6m
More to Explore
Quiz From the Vault
Featured Blog Post
Where Did the Easter Bunny Come From?
hide this ad
You Might Also Like...
Tags
Baseball Quiz
Basketball Quiz
Football Quiz
Get the Picture Quiz
Hockey Quiz
MLB Quiz
NBA Quiz
NFL Quiz
NHL Quiz
Sports Teams Quiz
This or That Quiz
Today's Top Quizzes in Sports
Browse Sports
hide this ad
Today's Top Quizzes in Sports Teams
Browse Sports Teams
Top Contributed Quizzes in Sports
1
Les meilleurs buteurs des matchs entre le PSG et l’OM
2
2022 World Cup Stars
3
FIFA Club World Cup Champions
4
Les entraîneurs de l'OM et du PSG au 21e siècle
5
Name the Premier League winners with different clubs
6
La finale Lions - Afrique du Sud 2021
7
Les joueurs passés par le LOSC et le RC Lens
8
Criteria MLB: Left Handed Sluggers
9
Players with Multiple 50 Home Run Seasons
10
5-to-1: UK Sports Teams
Explore More
Trending Topics
Crossword
NBA
Marvel
Anime
Disney
Harry Potter
Kpop
NFL
Soccer
Song
WWE
The Office
Puzzle
Pokémon
Country
hide this ad
More By:
LyndonG
Quiz
Plays
Rating
Category
Featured
Created
Sporcle Minesweeper VI
145,727
4.29
Just For Fun
Jan 31, 2020
Strongest Link: Television
131,362
2.66
Television
Oct 5, 2019
Strongest Link: US States
122,752
3.93
Geography
Sep 1, 2019
Strongest Link: World Countries
96,421
3.63
Geography
Oct 31, 2019
Strongest Link: NFL Teams
88,124
2.57
Sports
Sep 2, 2019
Go to Creator's Profile
Score Distribution
Quiz Creator Spotlight
LyndonG
Follow
Send a Message
Quizzes Created
-
Created Quiz Play Count
-
More By This Creator
Popular Quizzes Today
1
Find the Countries of Europe - No Outlines Minefield
2
Find the US States - No Outlines Minefield
3
The Countries of the World
4
Popular People in 1961
5
US States
6
Find the US States
7
1-10 Letter E Words III
8
Risky Map Clicking: Biggest States A-Z
More Sports Quizzes
2019 March Madness Minefield
Curator's Pick
Trending Quizzes
Risky Map Clicking: Least Populous States A-Z
1-10 Letter F Words
1-10 Letter G Words
One Thing in Common: United Kingdom
Risky Map Clicking: Next State Alphabetically
Recently Updated
Leaping Animals
pecheneg
Reality TV Shows (A-Z)
bhenderson79
Rickey Henderson's Hall of Fame Teammates
pecheneg
Champions League XIs: Arsenal
pecheneg
Quick Pick: Celebrities in WWE's Hall of Fame
aduchscher
A-Z Keypad Blitz II
pecheneg
Multiple Oscar Actors
pecheneg
Mystery Phrase Blitz: Oscar 'Best Actors'
pecheneg
F. Scott Fitzgerald Novels
LTH
Pick 3 Villains
ddd62291
Trending Topics
NBA
Crossword
Disney
Harry Potter
Marvel
Anime
Kpop
Song
Soccer
Pokémon
Puzzle
Country
The Office
WWE
NFL
Your Account Isn't Verified!
In order to create a playlist on Sporcle, you need to verify the email address you used during registration. Go to your
Sporcle Settings
to finish the process.
Report this User
Report this user for behavior that violates our
Community Guidelines
.
Details:
Send Report
Go to the Sporcle.com Mobile Site →
Comments